书目信息 |
| 题名: |
武术文化与修身
|
|
| 作者: | 刘俊骧 著 | |
| 分册: | ||
| 出版信息: | 北京 中央编译出版社 2008 |
|
| 页数: | 262页 | |
| 开本: | 24cm | |
| 丛书名: | ||
| 单 册: | ||
| 中图分类: | G852 , R212 | |
| 科图分类: | ||
| 主题词: | 武术--基本知识 , 武术--养生(中医) , 武术 , 养生(中医) | |
| 电子资源: | ||
| ISBN: | 978-7-80211-588-0 | |
| 000 | 00986nam0 2200289 45 | |
| 001 | 1130700437 | |
| 005 | 20110310094716.75 | |
| 010 | @a978-7-80211-588-0@dCNY48.00 | |
| 100 | @a20110122d2008 em y0chiy50 ea | |
| 101 | 0 | @achi |
| 102 | @aCN@b110000 | |
| 105 | @aa z 000yy | |
| 106 | @ar | |
| 200 | 1 | @a武术文化与修身@AWu Shu Wen Hua Yu Xiu Shen@f刘俊骧著@FLiu Jun Xiang Zhu |
| 210 | @a北京@c中央编译出版社@d2008 | |
| 215 | @a262页@c图@d24cm | |
| 300 | @a神州文化图典集成·神秘文化集 | |
| 330 | @a本书对中国武术与文化的历史渊源及现状做了全面介绍,阐述了颇具实用价值的武术修身常识。内容包括中国武术的源流和文化内蕴;武术文化与中国哲学;中国武术与传统伦理;武术文化与传统文学;中国武术与宗教文化等。 | |
| 606 | 0 | @a武术@x基本知识 |
| 606 | 0 | @a武术@x养生(中医) |
| 606 | 0 | @a武术 |
| 606 | 0 | @a养生(中医) |
| 690 | @aG852@v4 | |
| 690 | @aR212@v4 | |
| 701 | 0 | @a刘俊骧@ALiu Jun Xiang@f(1937~)@4著 |
| 801 | 0 | @aCN@bTANGWEI@c20110310 |
| 905 | @b0531428-31@dG852@e181@f4 | |
| 武术文化与修身/刘俊骧著.-北京:中央编译出版社,2008 |
| 262页:图;24cm |
| 神州文化图典集成·神秘文化集 |
| ISBN 978-7-80211-588-0:CNY48.00 |
| 本书对中国武术与文化的历史渊源及现状做了全面介绍,阐述了颇具实用价值的武术修身常识。内容包括中国武术的源流和文化内蕴;武术文化与中国哲学;中国武术与传统伦理;武术文化与传统文学;中国武术与宗教文化等。 |
| ● |
| 相关链接 |
|
|
|
|
正题名:武术文化与修身
索取号:G852/181
 
预约/预借
| 序号 | 登录号 | 条形码 | 馆藏地/架位号 | 状态 | 备注 |
| 1 | 0531428 | 205314284 | 第一样本阅览室/ [索取号:G852/181] | 在馆 | |
| 2 | 0531429 | 205314293 | 第四借阅区/ [索取号:G852/181] | 在馆 | |
| 3 | 0531430 | 205314300 | 第四借阅区/ [索取号:G852/181] | 在馆 | |
| 4 | 0531431 | 205314319 | 密集书库-体育系/ [索取号:G852/181] | 在馆 |